| 000 | 00697nam a2200289Ia 4500 | ||
|---|---|---|---|
| 005 | 20260324125334.0 | ||
| 008 | 008 260324s9999 xx 000 0 eng d | ||
| 020 | _a9781315428413 | ||
| 037 | _aEBOOK | ||
| 040 | _aCRL | ||
| 040 | _beng | ||
| 040 | _cCRL | ||
| 041 | _2eng | ||
| 041 | _aeng | ||
| 084 | _qCRL | ||
| 100 |
_aHarry J Shafer; Thomas R Hester; Kenneth L Feder _91177613 |
||
| 245 | 0 | _aField Methods in Archaeology | |
| 245 | 0 | _bSeventh Edition | |
| 260 | _bTaylor and Francis | ||
| 260 | _c2009 | ||
| 365 | _a | ||
| 365 | _b365 | ||
| 856 | _uhttp://www.taylorfrancis.com/books/9781315428413 | ||
| 942 | _cEBOOK | ||
| 999 |
_c1772758 _d1772758 |
||